000 00609nam a2200229Ia 4500
003 OSt
005 20221007082023.0
006 a|||||r|||| 00| 0
007 ta
008 221006b |||||||| |||| 00| 0 eng d
024 _a10,235
037 _cTextual
040 _aFLL
_cFLL
_beng
041 _2eng
_aeng
082 _aV72:2:N5, K3
100 _aDawson R.M. Au.
_9685313
245 0 _aGovernment of Canada
260 _aToronto
_bUniversity of toronto press Canada
_c1963
300 _a610p
_ccm.
942 _hV72:2:N5, K3
_cTEXL
_2CC
999 _c1165063
_d1165063